| 000 | 00493nam a2200157Ia 4500 | ||
|---|---|---|---|
| 999 |
_c19353 _d19353 |
||
| 082 | _aTD.0193 | ||
| 100 | _aDalal, Randhir Singh | ||
| 245 | 0 | _aRole and functions of block development officers : A perspective study | |
| 260 |
_c1990 _bHaryana Agricultural University |
||
| 300 | _av.p. | ||
| 650 | _aHaryana Agricultural University | ||
| 650 | _aDISTRICT ADMINISTRATION///BLOCK DEVELOPMENT OFFICERS | ||
| 650 | _aBLOCK DEVELOPMENT OFFICERS | ||
| 710 | _aKamlesh Kumar | ||
| 942 |
_cTH _2ddc |
||